[Event "Bundesliga 2015-16"]
[Site "Schwaebisch Hall GER"]
[Date "2015.09.18"]
[Round "7.6"]
[Board "7"]
[White "Casper, Thomas"]
[Black "Wirig, Anthony"]
[Result "1/2-1/2"]
[WhiteTitle "IM"]
[BlackTitle "GM"]
[WhiteElo "2383"]
[BlackElo "2500"]
[WhiteTeam "Erfurter SK"]
[BlackTeam "SK Schwaebisch Hall"]
[WhiteFideId "4611403"]
[BlackFideId "615013"]
[EventDate "2015.09.18"]
[EventType "team"]

1. e4 e6 2. d4 d5 3. exd5 exd5 4. Nf3 Nc6 5. Bb5 Bd6 6. O-O Ne7 7. Re1 O-O 8. c3
h6 9. Nbd2 Ng6 10. Nf1 Nce7 11. Bd3 Bf5 12. Bxf5 Nxf5 13. Ne3 Nxe3 14. Bxe3 c6
15. Qd3 Qd7 16. Bd2 Rae8 17. Rxe8 Rxe8 18. Re1 Rxe1+ 19. Nxe1 Qe6 20. Qe3 Nf4
21. Qxe6 Nxe6 1/2-1/2

[Event "Bundesliga 2015-16"]
[Site "Dortmund GER"]
[Date "2015.09.19"]
[Round "1.2"]
[Board "7"]
[White "Meyer, Falko"]
[Black "Feygin, Michael"]
[Result "1/2-1/2"]
[WhiteTitle "FM"]
[BlackTitle "GM"]
[WhiteElo "2213"]
[BlackElo "2485"]
[WhiteTeam "SK Norderstedt 1975"]
[BlackTeam "SV Muelheim Nord"]
[WhiteFideId "4623738"]
[BlackFideId "14103109"]
[EventDate "2015.09.18"]
[EventType "team"]

1. d4 d5 2. Nc3 e6 3. e4 Bb4 4. Bd3 dxe4 5. Bxe4 Nf6 6. Bf3 Nc6 7. Ne2 e5 8.
Bxc6+ bxc6 9. Bg5 exd4 10. Nxd4 Qe7+ 11. Qe2 Qxe2+ 12. Nxe2 Ne4 13. Be3 Nd6 14.
a3 Ba5 15. O-O-O O-O 16. Bc5 Rd8 17. Rd2 Bb6 18. Na4 Ba6 19. Rhd1 Re8 20. Nxb6
axb6 21. Bxd6 Bxe2 22. Re1 Bg4 23. Be7 f6 24. f3 Bf5 25. g4 Kf7 26. Rde2 Bd7 27.
Bb4 Rxe2 28. Rxe2 c5 29. Be1 Bc6 30. Re3 Re8 31. Kd2 Rd8+ 32. Kc3 Re8 33. Kd2
Rd8+ 34. Kc3 Re8 1/2-1/2

[Event "Bundesliga 2015-16"]
[Site "Schwaebisch Hall GER"]
[Date "2015.09.19"]
[Round "1.7"]
[Board "7"]
[White "Jussupow, Artur"]
[Black "Wirig, Anthony"]
[Result "0-1"]
[WhiteTitle "GM"]
[BlackTitle "GM"]
[WhiteElo "2576"]
[BlackElo "2500"]
[WhiteTeam "SG Solingen"]
[BlackTeam "SK Schwaebisch Hall"]
[WhiteFideId "4618777"]
[BlackFideId "615013"]
[EventDate "2015.09.18"]
[EventType "team"]

1. d4 Nf6 2. c4 e6 3. Nc3 Bb4 4. e3 d5 5. Ne2 dxc4 6. a3 Ba5 7. Ng3 c5 8. Bxc4
Nc6 9. O-O cxd4 10. exd4 Qxd4 11. Nb5 Qxd1 12. Rxd1 O-O 13. Be3 a6 14. Nd6 Bc7
15. Nge4 Nxe4 16. Nxe4 Rd8 17. Rxd8+ Bxd8 18. Rd1 Be7 19. f4 Kf8 20. Bb6 Ke8 21.
g4 Bd7 22. g5 Rc8 23. Bb3 Nb8 24. Kf2 Bc6 25. Rc1 Nd7 26. Be3 Kd8 27. Ng3 g6 28.
Ne2 Be4 29. Nc3 Bc5 30. Rd1 Bxe3+ 31. Kxe3 Bc6 32. Ne2 Ke7 33. Rc1 Nb6 34. a4
Rd8 35. a5 Nd5+ 36. Bxd5 Rxd5 37. Nd4 Kd6 38. Nf3 Rxa5 39. Ne5 Rb5 40. Nxf7+ Kc7
41. Rc2 Rb4 42. Rf2 a5 43. Ne5 a4 44. Ng4 Rb3+ 45. Kd4 Kd6 46. Nf6 Rh3 47. Ng4
Bd5 48. Ne5 Rb3 49. Nd3 b5 50. Rc2 b4 51. Ne5 a3 52. Nf7+ Kd7 53. Ne5+ Kd8 54.
Nd3 Ke7 55. Rc1 axb2 56. Rb1 Rc3 57. Rxb2 Rc4+ 58. Ke3 b3 59. Kd2 Re4 60. Rb1
Ra4 61. Kc3 Rc4+ 62. Kxb3 Rxf4+ 63. Kc3 Rc4+ 64. Kd2 Rh4 65. Ra1 Rxh2+ 66. Kc3
Rh4 67. Ne5 Kd6 68. Nf7+ Kc5 69. Ra5+ Kb6 70. Ra1 Rf4 71. Ne5 Rf5 72. Kd4 Rf4+
73. Kc3 Rf5 74. Kd4 Rxg5 75. Rb1+ Kc7 76. Rc1+ Kb8 77. Rb1+ Ka7 78. Ra1+ Kb7 79.
Rb1+ Ka6 80. Nf7 Rg4+ 81. Ke5 h5 82. Kd6 h4 83. Ne5 Rg3 84. Ra1+ Kb5 85. Rb1+
Ka4 86. Kc5 g5 87. Kd4 h3 88. Nd3 Rxd3+ 0-1

[Event "Bundesliga 2015-16"]
[Site "Baden Baden GER"]
[Date "2015.09.20"]
[Round "2.1"]
[Board "5"]
[White "Belezky, Alexander"]
[Black "Banusz, Tamas"]
[Result "0-1"]
[WhiteTitle "IM"]
[BlackTitle "GM"]
[WhiteElo "2455"]
[BlackElo "2600"]
[WhiteTeam "FC Bayern Muenchen"]
[BlackTeam "SV 1930 Hockenheim"]
[WhiteFideId "14105411"]
[BlackFideId "722413"]
[EventDate "2015.09.18"]
[EventType "team"]

1. Nf3 Nf6 2. g3 d5 3. Bg2 c6 4. b3 Bg4 5. Bb2 Nbd7 6. O-O e6 7. d4 Bd6 8. Nbd2
h6 9. Re1 Bf5 10. Ne5 O-O 11. Nxd7 Qxd7 12. e4 dxe4 13. Nxe4 Be7 14. Qe2 Rfd8
15. Red1 Qc7 16. c4 Nxe4 17. Bxe4 Bxe4 18. Qxe4 Bf6 19. Bc1 c5 20. Bf4 Qc6 21.
d5 exd5 22. cxd5 Qd7 23. Be5 Bxe5 24. Qxe5 Qd6 25. Qf5 Re8 26. Re1 g6 27. Qd3
Rad8 28. Rad1 h5 29. h4 b6 30. Re4 Rxe4 31. Qxe4 Kg7 32. Rd3 Rd7 33. Qe8 Re7 34.
Qc6 Qxc6 35. dxc6 Kf6 36. Rd6+ Ke5 37. Rd8 Ke6 38. Rc8 Kd6 39. Kf1 Rc7 40. Rf8
Kxc6 41. Ke2 Kb5 42. Kd3 Kb4 43. Re8 b5 44. Rb8 Rd7+ 45. Kc2 a6 46. Rb6 Re7 47.
Rxa6 Re2+ 48. Kd3 Rxf2 49. Ke3 Rg2 50. Kf3 Rb2 51. Ra7 f6 52. Ra6 g5 53. Rxf6
g4+ 54. Ke4 Rxa2 55. Rf5 Rb2 56. Rxh5 Rxb3 57. Kf4 c4 58. Rh8 c3 59. Rc8 Rb1 60.
Kxg4 Kb3 61. Kf5 c2 62. g4 c1=Q 63. Rxc1 Rxc1 64. g5 Rf1+ 65. Kg6 b4 66. Kh6 Kc4
67. g6 b3 68. g7 Rg1 69. h5 b2 0-1

[Event "Bundesliga 2015-16"]
[Site "Hamburg GER"]
[Date "2015.12.13"]
[Round "4.7"]
[Board "2"]
[White "Svidler, Peter"]
[Black "Trent, Lawrence"]
[Result "1-0"]
[WhiteTitle "GM"]
[BlackTitle "IM"]
[WhiteElo "2727"]
[BlackElo "2452"]
[WhiteTeam "OSG Baden-Baden"]
[BlackTeam "SK Norderstedt 1975"]
[WhiteFideId "4102142"]
[BlackFideId "408638"]
[EventDate "2015.09.18"]
[EventType "team"]

1. e4 c5 2. Nf3 d6 3. Bb5+ Nd7 4. c3 Nf6 5. Qe2 a6 6. Ba4 b5 7. Bc2 Bb7 8. O-O
c4 9. b3 g5 10. bxc4 g4 11. Nd4 bxc4 12. Na3 Nc5 13. Nxc4 e6 14. Ba3 d5 15. Ne5
Nfxe4 16. f3 gxf3 17. Qxf3 Qc7 18. Nxf7 Rg8 19. Qh5 Kd7 20. Ne5+ Kc8 21. Qe8+
Qd8 22. Qxd8+ Kxd8 23. Bxe4 dxe4 24. Rxf8+ Rxf8 25. Bxc5 Rg8 26. Rb1 Bc8 27. Rf1 1-0

[Event "Bundesliga 2015-16"]
[Site "Schwaebisch Hall GER"]
[Date "2015.12.13"]
[Round "4.5"]
[Board "6"]
[White "Maiwald, Jens-Uwe"]
[Black "Enders, Peter"]
[Result "1/2-1/2"]
[WhiteTitle "GM"]
[BlackTitle "GM"]
[WhiteElo "2452"]
[BlackElo "2460"]
[WhiteTeam "USV TU Dresden"]
[BlackTeam "Erfurter SK"]
[WhiteFideId "4612396"]
[BlackFideId "4611314"]
[EventDate "2015.09.18"]
[EventType "team"]

1. d4 Nf6 2. Nf3 e6 3. Bg5 b6 4. e4 h6 5. Bxf6 Qxf6 6. c3 Bb7 7. Nbd2 g5 8. Bd3
Nc6 9. O-O O-O-O 10. b4 d5 11. e5 Qe7 12. Nb3 f6 13. b5 Nb8 14. a4 g4 15. exf6
Qxf6 16. Ne5 Bd6 17. Qe2 Rhg8 18. Rae1 h5 19. f4 gxf3 20. Rxf3 Qh4 21. Qf2 Qxf2+
22. Rxf2 Rde8 23. Bg6 Re7 24. Bxh5 Nd7 25. Nf7 e5 26. dxe5 Bxe5 27. Rfe2 Nf6 28.
Rxe5 Rxe5 29. Rxe5 d4 30. Nxd4 Rxg2+ 31. Kf1 Rxh2 32. Bf3 Bxf3 33. Nxf3 Rc2 34.
Nd4 Rxc3 35. Re6 Ng4 36. Ke2 Rc4 37. Nc6 Rxa4 38. Re8+ Kd7 39. Re7+ Kc8 40. Re8+
Kd7 41. Re7+ Kc8 42. Ng5 Nf6 43. Re6 Nd7 44. Re8+ Kb7 45. Rd8 Ra2+ 46. Ke3 Rb2
47. Nd4 Nc5 48. Nf7 a6 49. Re8 axb5 50. Nd8+ Ka6 51. N8c6 b4 52. Ra8+ Kb7 53.
Rb8+ Ka6 54. Nd8 b5 55. Nxb5 Nd7 56. Nxc7+ Ka5 57. Nc6+ Ka4 58. Ra8+ Kb3 59.
Nd4+ Kc4 60. Ra6 Ne5 61. Ke4 Rb1 62. Nd5 Re1+ 63. Ne3+ Kc3 64. Nc2 Re2 65. Kxe5
b3 66. Rc6+ Kb2 67. Rb6 Rxc2 68. Nxc2 Kxc2 69. Kd4 b2 70. Rxb2+ 1/2-1/2

[Event "Bundesliga 2015-16"]
[Site "Bremen GER"]
[Date "2016.02.05"]
[Round "7.2"]
[Board "8"]
[White "Grigorian, Spartak"]
[Black "Van Foreest, Lucas"]
[Result "1/2-1/2"]
[WhiteElo "2345"]
[BlackElo "2314"]
[WhiteTeam "SV Werder Bremen"]
[BlackTeam "SK Turm Emsdetten"]
[WhiteFideId "24661490"]
[BlackFideId "1039792"]
[EventDate "2015.09.18"]

1. d4 Nf6 2. c4 e6 3. Nc3 Bb4 4. e3 b6 5. Ne2 c5 6. a3 Ba5 7. Rb1 Qe7 8. Bd2 O-O
9. g3 Bxc3 10. Bxc3 Bb7 11. d5 exd5 12. Bg2 Ne4 13. cxd5 d6 14. O-O Re8 15. b4
Nxc3 16. Nxc3 Nd7 17. Qd2 Ne5 18. Rfe1 Rac8 19. bxc5 Rxc5 20. Nb5 Qd7 21. a4 a6
22. Nc3 Rec8 23. Ne4 Rc2 24. Qd4 b5 25. axb5 axb5 26. Qb6 Bxd5 27. Qxd6 Qxd6 28.
Nxd6 Bxg2 29. Kxg2 Rb8 30. Nxb5 Nd3 31. Rf1 h5 32. Na3 Rxb1 33. Nxc2 Rb2 34. Nd4
Ne5 35. h3 Nd3 36. g4 hxg4 37. hxg4 Nc5 38. Kf3 g6 39. Kf4 Kg7 40. f3 Kf6 41.
g5+ Ke7 42. Ra1 Ne6+ 43. Nxe6 Kxe6 44. Ra6+ Ke7 45. e4 Rb3 46. Kg4 Rb4 47. Kg3
Rb5 48. Kf4 Rb3 49. Rf6 Rb5 50. e5 Rb4+ 51. Kg3 Rb5 52. f4 Rb3+ 53. Kf2 Rb2+ 54.
Ke3 Rb3+ 55. Kd4 Rb4+ 56. Kc5 Ra4 57. Kd5 Rb4 58. Kc5 Ra4 59. Kd5 Rb4 60. e6
fxe6+ 61. Ke5 Rb5+ 62. Ke4 Rb4+ 63. Kf3 Rb3+ 64. Kg4 Rb4 65. Rxg6 e5 66. Ra6
Rxf4+ 67. Kh5 Kf8 68. g6 Kg8 69. Re6 Rf8 70. Rxe5 Rb8 71. Kh6 Rd8 1/2-1/2

[Event "Bundesliga 2015-16"]
[Site "Erfurt GER"]
[Date "2016.02.06"]
[Round "5.7"]
[Board "5"]
[White "Ducarmon, Quinten"]
[Black "Braeuer, Franz"]
[Result "0-1"]
[WhiteTitle "IM"]
[WhiteElo "2474"]
[BlackElo "2413"]
[WhiteTeam "SV Muelheim Nord"]
[BlackTeam "Erfurter SK"]
[WhiteFideId "1025007"]
[BlackFideId "24634468"]
[EventDate "2015.09.18"]
[EventType "team"]

1. e4 e6 2. d4 d5 3. Nd2 Nf6 4. e5 Nfd7 5. Bd3 c5 6. c3 Nc6 7. Ngf3 a6 8. O-O g5
9. dxc5 g4 10. Nd4 Ncxe5 11. Bc2 Bxc5 12. f4 Nc6 13. Nb3 Ba7 14. Qxg4 h5 15. Qe2
Nf6 16. h3 Ne4 17. Bxe4 dxe4 18. Be3 Nxd4 19. Bxd4 Bxd4+ 20. Nxd4 f5 21. Rad1
Qc7 22. c4 Bd7 23. b4 Kf7 24. c5 Rh6 25. Rd2 Ke7 26. Qc4 Rg6 27. Qe2 Rh8 28. Qf2
h4 29. Nc2 Rg3 30. Qd4 Rhg8 31. Kh1 Bb5 32. Rff2 Bd3 33. Ne3 Rd8 34. Qc3 Kf7 35.
Nc4 Bxc4 36. Qxc4 e3 37. Rxd8 Qxd8 38. Rc2 Qd5 39. Qe2 Rxh3+ 40. Kg1 Rg3 41.
Qh5+ Rg6 42. Qh7+ Rg7 43. Qh5+ Kf8 44. Qh8+ Rg8 45. Qh6+ Ke8 46. Qh5+ Kf8 47.
Qh6+ Kf7 48. Qh7+ Rg7 49. Qh5+ Ke7 50. Qxh4+ Kd7 51. Qe1 Kc7 52. Rb2 Qd4 53. Re2
e5 54. fxe5 f4 55. Qh4 Qxe5 56. Kf1 Qf5 57. Qh6 Rh7 58. Qd6+ Kc8 59. Re1 Rh1+
60. Ke2 f3+ 0-1

[Event "Bundesliga 2015-16"]
[Site "Erfurt GER"]
[Date "2016.02.06"]
[Round "5.7"]
[Board "7"]
[White "Feygin, Michael"]
[Black "Enders, Peter"]
[Result "1/2-1/2"]
[WhiteTitle "GM"]
[BlackTitle "GM"]
[WhiteElo "2485"]
[BlackElo "2460"]
[WhiteTeam "SV Muelheim Nord"]
[BlackTeam "Erfurter SK"]
[WhiteFideId "14103109"]
[BlackFideId "4611314"]
[EventDate "2015.09.18"]
[EventType "team"]

1. e4 e6 2. d4 d5 3. Nc3 Bb4 4. Ne2 Nc6 5. a3 Ba5 6. Be3 Nf6 7. e5 Ne4 8. b4
Nxc3 9. Nxc3 Bb6 10. Bb5 O-O 11. Bxc6 bxc6 12. O-O Qh4 13. f4 f6 14. Rf3 fxe5
15. Rh3 Qe7 16. fxe5 a5 17. Rb1 axb4 18. axb4 Ba6 19. Qg4 Bc4 20. Rg3 Rf7 21. h3
Ra3 22. Bg5 Qf8 23. Kh2 Kh8 24. Ne4 Rxg3 25. Nxg3 Rf2 26. Ra1 h6 27. Be3 Rxc2
28. Nh5 Ra2 29. Rxa2 Bxa2 30. Qg6 Qg8 31. Nf4 Bc4 32. Qxe6 Qxe6 33. Nxe6 Kg8 34.
h4 Bb5 35. Kg3 Kf7 36. Nf4 Ba4 37. Kf2 Bd1 38. Kg3 Bc2 39. Kf2 Bd1 40. Ke1 Bg4
41. Kd2 Bf5 42. Kc3 Be4 43. h5 Ke7 44. Kd2 Kf7 45. Ke2 Ba7 46. Kf2 Bb6 47. Kg3
Ba7 48. Kg4 Bb6 49. g3 Ba7 50. Nh3 Bb6 51. Kf4 Bc2 52. Ng1 Ba7 53. g4 Bb1 54.
Nf3 Bc2 55. Nh4 Bb1 56. Nf5 Bc2 57. e6+ Kxe6 58. Nxg7+ Kf6 59. Nf5 Bxf5 60. gxf5
Bb8 61. Kg4 Ba7 62. Bf2 Kf7 63. Kf4 Bb8 64. Bg3 Kf6 65. Kg4 Ba7 66. Be5+ Kf7 67.
Kf4 Bb6 68. Bh8 Kg8 69. Bf6 Kf7 70. Be5 Ba7 71. Ke3 Bb6 72. Kd3 Kg8 73. Kc3 Kf7
74. Kb3 Ke7 75. Ka3 Ke8 76. Ka4 Kd7 77. Kb3 Ke7 78. Kc3 Kf7 79. Kd2 Ba7 80. Kd3
Bb6 81. Ke2 Ba7 82. Ke3 Bb6 83. Bf4 Kg7 84. f6+ Kxf6 85. Bxh6 Kf7 86. Kd3 Ba7
87. Bf4 Kf6 88. Be3 Kf5 89. Ke2 Bb6 90. Kf2 Ba7 91. Kg3 Bb6 92. Kh4 Ba7 93. Bg1
Bb6 94. Bf2 Ba7 95. Be3 Bb6 96. h6 Kg6 97. Kg4 Ba7 98. Kh4 Bb6 99. Kg3 Ba7 100.
Kf3 Bb6 101. Ke2 Kh7 102. Kd3 Kg6 103. Kd2 Kh7 104. Kd1 Kg6 105. Ke1 Kh7 106.
Kf1 Kg6 107. Kg2 Ba7 108. Kh1 Bb6 109. Kh2 Ba7 110. Kh3 Bb6 111. Kg4 Ba7 112. h7
Kxh7 113. Kf5 Kg7 114. Ke6 Kg6 115. Bg1 Bb6 116. Kd7 Kf5 117. Kxc6 Ke4 118. b5
Kd3 119. Kxd5 Kc3 120. Bf2 Kb4 121. Kc6 Kc4 122. Be3 Ba7 123. Bg1 Bb6 124. Bf2
Ba7 125. Be3 Bb6 126. Bf4 Bxd4 127. Bxc7 Be3 128. Bb6 Bg5 129. Bc5 Bd8 130. Bd6
Ba5 131. Be7 Bc7 1/2-1/2

[Event "Bundesliga 2015-16"]
[Site "Bremen GER"]
[Date "2016.02.07"]
[Round "6.3"]
[Board "3"]
[White "Burg, Twan"]
[Black "Moiseenko, Alexander"]
[Result "1/2-1/2"]
[WhiteTitle "IM"]
[BlackTitle "GM"]
[WhiteElo "2509"]
[BlackElo "2692"]
[WhiteTeam "SK Turm Emsdetten"]
[BlackTeam "SV 1930 Hockenheim"]
[WhiteFideId "1010697"]
[BlackFideId "14102560"]
[EventDate "2015.09.18"]
[EventType "team"]

1. e4 c5 2. Nf3 Nc6 3. Bb5 e6 4. O-O Nge7 5. Re1 Ng6 6. c3 a6 7. Bf1 Be7 8. d4
cxd4 9. cxd4 d5 10. e5 O-O 11. Nc3 f6 12. exf6 Bxf6 13. Be3 Bd7 14. Qd2 Be7 15.
Bd3 Rxf3 16. gxf3 Nh4 17. Qe2 Bf6 18. Rad1 Nxd4 19. Bxd4 Bxd4 20. f4 Qf6 21. Qg4
Rf8 22. Ne2 Bxb2 23. Rb1 Ng6 24. Bxg6 hxg6 25. Qg3 Ba4 26. Qe3 d4 27. Qe5 Ba3
28. Nxd4 Qxf4 29. Qxf4 Rxf4 30. Re3 Rxd4 31. Rxa3 Bc6 32. Rc1 Rg4+ 33. Kf1 Bd5
34. Rc8+ Kf7 35. Rac3 Rh4 36. h3 Bc6 37. Ra8 g5 38. Rxc6 bxc6 39. Rxa6 Rxh3 40.
Rxc6 Ra3 41. Kg2 Rxa2 42. Rb6 Kf6 43. Rb4 Ra7 44. Kg3 Kf5 45. Kg2 e5 46. Rb8 Ra6
47. Rb7 g6 48. Rf7+ Rf6 49. Ra7 g4 50. Kg3 Kg5 51. Re7 Rf3+ 52. Kg2 Kf5 53. Rf7+
Ke4 54. Ra7 Rd3 55. Rg7 Kf5 56. Rf7+ Ke6 57. Rg7 Kf6 58. Rg8 Kg5 59. Re8 Kf5 60.
Rf8+ Ke4 61. Rg8 Rd6 62. Kg3 Rf6 63. Ra8 Rf3+ 64. Kg2 Rb3 65. Rg8 Kf5 66. Rf8+
Kg5 67. Re8 Rb5 68. Kg3 Ra5 69. Kg2 Rd5 70. Kg3 Rc5 71. Kg2 Ra5 72. Re7 Kf6 73.
Re8 Ra3 74. Rf8+ Ke7 75. Rg8 Kf7 76. Rb8 Rf3 77. Rb4 Rf4 78. Rb6 e4 79. Ra6 Kg7
80. Re6 Kf7 81. Ra6 Rf3 82. Ra4 Rf4 1/2-1/2

[Event "Bundesliga 2015-16"]
[Site "Munich GER"]
[Date "2016.02.20"]
[Round "8.4"]
[Board "4"]
[White "Kasimdzhanov, Rustam"]
[Black "Graf, Felix"]
[Result "0-1"]
[WhiteTitle "GM"]
[BlackTitle "IM"]
[WhiteElo "2704"]
[BlackElo "2479"]
[WhiteTeam "OSG Baden-Baden"]
[BlackTeam "SG Trier"]
[WhiteFideId "14200244"]
[BlackFideId "24608904"]
[EventDate "2015.09.18"]
[EventType "team"]

1. e4 e6 2. d4 d5 3. Nc3 Nf6 4. Bg5 Bb4 5. e5 h6 6. Bh4 g5 7. Bg3 Ne4 8. Ne2 c5
9. a3 Bxc3+ 10. Nxc3 Nxc3 11. bxc3 Qa5 12. Qd2 Nc6 13. dxc5 Qxc5 14. Bd3 Bd7 15.
O-O Ne7 16. Kh1 Bb5 17. f4 Bxd3 18. cxd3 g4 19. f5 Nxf5 20. Rxf5 exf5 21. Rf1
Qxa3 22. Qf4 Qe7 23. Qxf5 Qe6 24. Qf4 Rg8 25. Qb4 Qb6 26. e6 fxe6 27. Qa4+ Qc6
28. Qf4 O-O-O 29. Qe5 Rg5 30. Qb8+ Kd7 31. Qxa7 Rf5 32. Rb1 Ke8 33. h3 gxh3 34.
Rb6 hxg2+ 35. Kxg2 Qc8 36. Bh4 Rd7 37. Rxe6+ Kf8 38. Rxh6 Rg7+ 39. Bg3 Kg8 40.
Qe3 Rfg5 41. Rh3 R5g6 42. Qe5 Rg5 43. Qe3 Kf7 44. Qf4+ Rf5 45. Qb4 Qd7 46. Qb2
Rf6 47. c4 b6 48. Qe5 Rf5 49. Qe2 Qe8 50. Qa2 Qe6 51. Qd2 Qc6 52. Kh2 dxc4 53.
dxc4 Rf1 54. Qd1 0-1

[Event "Bundesliga 2015-16"]
[Site "Hamburg GER"]
[Date "2016.02.20"]
[Round "8.7"]
[Board "7"]
[White "Meins, Gerlef"]
[Black "Carlstedt, Jonathan"]
[Result "1/2-1/2"]
[WhiteTitle "IM"]
[BlackTitle "IM"]
[WhiteElo "2430"]
[BlackElo "2440"]
[WhiteTeam "SV Werder Bremen"]
[BlackTeam "Hamburger SK"]
[WhiteFideId "4620895"]
[BlackFideId "24614386"]
[EventDate "2015.09.18"]
[EventType "team"]

1. d4 Nf6 2. c4 e6 3. Nc3 Bb4 4. e3 O-O 5. Ne2 d5 6. a3 Bd6 7. Ng3 b6 8. Bd3
dxc4 9. Bxc4 Bb7 10. O-O c5 11. dxc5 Bxc5 12. b4 Qxd1 13. Rxd1 Be7 14. Bb2 Nbd7
15. Nb5 Rfc8 16. Rac1 a5 17. Nd6 Bxd6 18. Rxd6 axb4 19. axb4 Ra4 20. Bb5 Rxc1+
21. Bxc1 Ra1 22. Ne2 Ba6 23. Bxa6 Rxa6 24. Bb2 Kf8 25. Nc3 Ke7 26. b5 Ra1+ 27.
Bxa1 Kxd6 28. Na4 e5 29. f4 exf4 30. Bd4 Nd5 31. exf4 Nxf4 32. Bxb6 Nxb6 33.
Nxb6 Ne2+ 34. Kf2 Nd4 35. Nc4+ Kd5 36. Ne3+ Kc5 37. Kg3 Nxb5 38. Kf4 Nd6 39. h4
Kc6 40. g4 Kd7 41. Ke5 f6+ 42. Kd5 Nc8 43. Nc2 Ne7+ 44. Ke4 Nc6 45. Ne3 Ke6 46.
h5 Ne7 47. Kf4 Nc8 48. Nf5 Kf7 49. Ke4 Kf8 50. Kf4 Kg8 51. Ke4 Kf7 52. Kf4 g6
53. hxg6+ hxg6 54. Ne3 g5+ 55. Ke4 Ke6 56. Kd4 Nd6 57. Nc2 Nf7 58. Ke4 Nh6 59.
Ne3 Kd7 60. Nd5 Ke6 61. Ne3 Ke7 62. Kd5 Kd7 63. Kd4 Kd6 64. Ke4 Ke6 65. Kd4 f5
66. gxf5+ Nxf5+ 67. Ke4 Nxe3 68. Kxe3 Ke5 69. Kf3 g4+ 70. Kxg4 1/2-1/2

[Event "Bundesliga 2015-16"]
[Site "Hamburg GER"]
[Date "2016.02.21"]
[Round "9.7"]
[Board "1"]
[White "Trent, Lawrence"]
[Black "Efimenko, Zahar"]
[Result "0-1"]
[WhiteTitle "IM"]
[BlackTitle "GM"]
[WhiteElo "2452"]
[BlackElo "2647"]
[WhiteTeam "SK Norderstedt 1975"]
[BlackTeam "SV Werder Bremen"]
[WhiteFideId "408638"]
[BlackFideId "14107201"]
[EventDate "2015.09.18"]
[EventType "team"]

1. e4 c5 2. Nf3 e6 3. d4 cxd4 4. Nxd4 Nc6 5. Nc3 d6 6. Be3 Nf6 7. f4 Bd7 8. Qf3
Nxd4 9. Bxd4 Qa5 10. O-O-O e5 11. Bf2 Rc8 12. fxe5 dxe5 13. Rxd7 Rxc3 14. Rd3
Rc7 15. Rb3 a6 16. Qf5 Nd7 17. Kb1 Be7 18. Be2 Qd2 19. Bd1 Bg5 20. a3 O-O 21.
Rd3 Qc1+ 22. Ka2 Nc5 23. Bxc5 Rxc5 24. c3 Rc6 25. h4 Be7 26. Qd7 Bc5 27. Rf1 Rb6
28. b4 a5 29. Rxf7 Rxf7 30. Bb3 Rf6 31. Qd8+ Bf8 32. Rf3 Rxf3 33. gxf3 Qf4 34.
Qd5 a4 35. Bxa4 g6 36. Be8 0-1

[Event "Bundesliga 2015-16"]
[Site "Dortmund GER"]
[Date "2016.03.13"]
[Round "11.1"]
[Board "1"]
[White "Tregubov, Pavel V."]
[Black "Harikrishna, Pentala"]
[Result "0-1"]
[WhiteTitle "GM"]
[BlackTitle "GM"]
[WhiteElo "2597"]
[BlackElo "2737"]
[WhiteTeam "SV Muelheim Nord"]
[BlackTeam "SG Solingen"]
[WhiteFideId "4115341"]
[BlackFideId "5007003"]
[EventDate "2015.09.18"]
[EventType "team"]

1. d4 Nf6 2. c4 e6 3. Nc3 Bb4 4. e3 O-O 5. Bd3 c5 6. Ne2 d5 7. cxd5 cxd4 8. exd4
Nxd5 9. O-O Nc6 10. Nxd5 exd5 11. Nf4 Bd6 12. Be3 Bxf4 13. Bxf4 Qf6 14. Be3 Bf5
15. Bxf5 Qxf5 16. Qb3 Qd7 17. Rac1 Rfc8 18. Rc5 Ne7 19. Rfc1 b6 20. Rxc8+ Rxc8
21. Rxc8+ Qxc8 22. Qb5 f6 23. h3 Kf7 24. a4 Qc7 25. b3 h5 26. g3 Qc6 27. Qe2 g6
28. g4 hxg4 29. hxg4 Qe6 30. f3 f5 31. Kf2 fxg4 32. fxg4 Qe4 33. Kg3 Ke6 34. Qd2
Nc6 35. Qc3 Kd7 36. Bf2 Na5 37. Kh4 Qe7+ 38. Kh3 Qe4 39. Kh4 Qf4 40. Qe3 Qxe3
41. Bxe3 Nxb3 42. Kg5 a5 43. Kxg6 b5 44. g5 bxa4 45. Kf7 a3 46. g6 a2 47. g7
a1=Q 48. g8=Q Qf1+ 49. Kg6 Qd3+ 50. Kf6 Qxe3 51. Qxd5+ Kc7 0-1

[Event "Bundesliga 2015-16"]
[Site "Dortmund GER"]
[Date "2016.03.13"]
[Round "11.1"]
[Board "2"]
[White "Ragger, Markus"]
[Black "Fridman, Daniel"]
[Result "1/2-1/2"]
[WhiteTitle "GM"]
[BlackTitle "GM"]
[WhiteElo "2695"]
[BlackElo "2642"]
[WhiteTeam "SG Solingen"]
[BlackTeam "SV Muelheim Nord"]
[WhiteFideId "1610856"]
[BlackFideId "11600454"]
[EventDate "2015.09.18"]
[EventType "team"]

1. d4 Nf6 2. c4 e6 3. Nf3 b6 4. g3 Bb7 5. Bg2 Be7 6. Nc3 Ne4 7. Bd2 Bf6 8. O-O
O-O 9. Qc2 Nxd2 10. Qxd2 d6 11. Rad1 Nd7 12. e4 a6 13. Rfe1 Re8 14. h4 Rb8 15.
b4 c5 16. dxc5 dxc5 17. bxc5 bxc5 18. Qe3 Qc7 19. e5 Be7 20. Qf4 h6 21. Ne4 Bxe4
22. Qxe4 Rb2 23. Re2 1/2-1/2

[Event "Bundesliga 2015-16"]
[Site "Dortmund GER"]
[Date "2016.03.13"]
[Round "11.1"]
[Board "3"]
[White "Landa, Konstantin"]
[Black "Smeets, Jan"]
[Result "0-1"]
[WhiteTitle "GM"]
[BlackTitle "GM"]
[WhiteElo "2626"]
[BlackElo "2617"]
[WhiteTeam "SV Muelheim Nord"]
[BlackTeam "SG Solingen"]
[WhiteFideId "4101685"]
[BlackFideId "1007246"]
[EventDate "2015.09.18"]
[EventType "team"]

1. d4 d5 2. Nf3 Nf6 3. c4 c6 4. e3 Bg4 5. h3 Bh5 6. cxd5 Bxf3 7. Qxf3 cxd5 8.
Nc3 Nc6 9. Bd3 e6 10. O-O Be7 11. Bd2 O-O 12. Qe2 Nb4 13. Bb1 Rc8 14. Rd1 a6 15.
Be1 g6 16. a3 Nc6 17. b4 b5 18. Na2 Ne8 19. Nc1 Nd6 20. Nb3 Nc4 21. Nc5 a5 22.
Bd3 axb4 23. axb4 Ra8 24. Rxa8 Qxa8 25. Bc3 Rd8 26. Ra1 Qc8 27. Qa2 Qc7 28. Bxc4
dxc4 29. Qa6 Rb8 30. Rd1 e5 31. Qa1 Rd8 32. Na6 Qb6 33. d5 Ra8 34. dxc6 Qxc6 35.
Bxe5 f6 36. Bc3 Rxa6 37. Qb2 Qe6 38. Re1 Rd6 39. Bd4 Kf7 40. e4 Rd7 41. e5 Rd5
42. f4 f5 43. Ra1 Qc6 44. Kh2 Rd7 45. Bc3 Rd3 46. Ra7 Qb6 47. Qa1 Qe3 48. e6+
Qxe6 49. Bh8 Rd7 50. Ra6 Rd6 51. Ra7 Rd7 52. Ra6 Bd6 53. Be5 Qd5 54. Bxd6 Rxd6
55. Ra7+ Rd7 56. Qh8 Rxa7 57. Qxh7+ Ke6 58. Qxa7 Qd6 59. Qe3+ Kf7 60. Qa7+ Ke6
61. Qe3+ Kf7 62. Qa7+ Kf6 63. Qe3 Qxb4 64. Qd4+ Ke6 65. Qe5+ Kf7 66. Qd5+ Ke7
67. Qe5+ Kd7 68. Qg7+ Qe7 69. Qxg6 Qe4 70. Qg7+ Kc6 71. Qf6+ Kd5 72. Qd8+ Kc6
73. Qc8+ Kd5 74. Qd8+ Kc5 75. Qf8+ Kd4 76. Qg7+ Ke3 77. Qc3+ Qd3 78. Qe5+ Kd2
79. Qb2+ Ke3 80. Qe5+ Qe4 81. Qc3+ Ke2 82. Qb2+ Kd1 83. Qa1+ Kc2 84. Qa2+ Kc3
85. Qa3+ Kd4 86. Qa7+ Kd3 87. Qd7+ Kc2 88. Qxb5 c3 89. h4 Kd2 90. Qa5 Qxf4+ 91.
g3 Qf2+ 92. Kh3 Qf1+ 93. Kh2 Qe2+ 0-1